Adjudication on oral contracts (Record no. 68244)

MARC details
000 -LEADER
fixed length control field 01477cam a2200229 4500
001 - CONTROL NUMBER
control field ABS64362
008 - FIXED-LENGTH DATA ELEMENTS--GENERAL INFORMATION
fixed length control field 010911n2001 000 0 eng u
035 ## - SYSTEM CONTROL NUMBER
System control number (Sirsi) u114541
100 ## - MAIN ENTRY--PERSONAL NAME
Personal name Brewer, G
245 ## - TITLE STATEMENT
Title Adjudication on oral contracts
260 ## - PUBLICATION, DISTRIBUTION, ETC.
Date of publication, distribution, etc. 2001
490 ## - SERIES STATEMENT
Series statement Contract Journal
Volume/sequential designation 410(6343) 5 September 2001, 27(1)
520 ## - SUMMARY, ETC.
Summary, etc. Considers the case "RJT Consulting Engineers Ltd v DM Engineering (NI) Ltd" TCC, 9 May 2001, which examined whether oral contracts may be subject to the provisions of the Housing Grants, Construction and Regeneration Act 1996. An oral agreement was made between DM and RJT but when a dispute arose over the performance of the agreement and DM began adjudication, RJT argued that the oral engagment was not an agreement in writing for the purposes of the act. The declaration sought by RJT was refused on the grounds that there was evidence that supported the existence of the agreement, such as invoices and minutes of meetings, which would be sufficient to bring the agreement within the ambit of the act.
590 ## - LOCAL NOTE (RLIN)
Local note ABS
650 ## - SUBJECT ADDED ENTRY--TOPICAL TERM
Topical term or geographic name entry element MANAGEMENT-DISPUTE AVOIDANCE, MANAGEMENT AND RESOLUTION-DISPUTE MANAGEMENT AND RESOLUTION-ALTERNATIVE DISPUTE RESOLUTION-ADJUDICATION
650 ## - SUBJECT ADDED ENTRY--TOPICAL TERM
Topical term or geographic name entry element ORAL AGREEMENTS
650 ## - SUBJECT ADDED ENTRY--TOPICAL TERM
Topical term or geographic name entry element HOUSING GRANTS CONSTRUCTION AND REGENERATION ACT 1996
650 ## - SUBJECT ADDED ENTRY--TOPICAL TERM
Topical term or geographic name entry element R J T CONSULTING ENGINEERS LTD V D M ENGINEERING (NI) LTD
650 ## - SUBJECT ADDED ENTRY--TOPICAL TERM
Topical term or geographic name entry element EVIDENCE
690 ## - LOCAL SUBJECT ADDED ENTRY--TOPICAL TERM (OCLC, RLIN)
Topical term or geographic name as entry element Dispute resolution
9 (RLIN) 6236
942 ## - ADDED ENTRY ELEMENTS (KOHA)
Suppress in OPAC 0
Holdings
Withdrawn status Lost status Source of classification or shelving scheme Damaged status Not for loan Home library Current library Shelving location Date acquired Total Checkouts Full call number Barcode Date last seen Copy number Price effective from Koha item type
    Dewey Decimal Classification     London London Journal article 11/09/2001   ABS64362 114541-1001 06/08/2019 1 06/08/2019 Journal article